| 000 | 01208nam a2200385Ia 4500 | ||
|---|---|---|---|
| 001 | 44977 | ||
| 005 | 20230411085957.0 | ||
| 008 | 920206s1983 mx b b 000 0 spa d | ||
| 035 | _a(OCoLC)ocm25229839 | ||
| 040 |
_aCGP _cCGP |
||
| 020 | _a9684271093 | ||
| 020 | _a9789684271098 | ||
| 035 | _a(OCoLC)25229839 | ||
| 043 |
_an-mx--- _ad------ |
||
| 090 |
_aHX550.G45 _bB322g 1983 |
||
| 049 | _aGRAL | ||
| 100 | 1 | _aBassols Batalla, Angel. | |
| 245 | 1 | 0 |
_aGeografía, subdesarrollo y marxismo / _cAngel Bassols Batalla. |
| 250 | _a1. ed. | ||
| 260 |
_aMéxico, D.F. : _bNuestro Tiempo, _c1983. |
||
| 300 |
_a258 p. : _bmaps ; _c19 cm. |
||
| 440 | 0 | _aColección Desarrollo | |
| 504 | _aIncludes bibliographical references. | ||
| 650 | 0 | _aCommunism and geography. | |
| 650 | 0 | _aPolitical geography. | |
| 651 | 0 |
_aMexico _xEconomic conditions. |
|
| 651 | 0 |
_aDeveloping countries _xEconomic conditions. |
|
| 650 | 7 |
_aComunismo y geografía. _2bidex |
|
| 650 | 7 |
_aGeografía política. _2bidex |
|
| 651 | 7 |
_aMâexico _xCondiciones económicas. _2bidex |
|
| 651 | 7 |
_aPaíses en desarrollo _xCondiciones económicas. _2bidex |
|
| 942 |
_2lcc _cbk |
||
| 994 |
_aC0 _bDRFGD |
||
| 946 | _acsexposito | ||
| 999 |
_c110350 _d110350 |
||